000 00633nam a2200193 4500
001 133371
003 ES-MaACL
005 20230906194405.0
007 t|
008 070214s1964 sp r ||||1| spa d
100 1 _aRueda, Julián.
_9100508
245 1 4 _aLos cristianos en Inglaterra /
_cJulián Rueda.
260 _aBarcelona :
_bJuan Flors,
_c1964.
300 _aVIII, 258 p. ;
_c19 cm.
490 1 _aRemanso. Sección III. Patrología e historia eclesiástica ;
_v3
830 0 _aRemanso. Sección III. Patrología e historia eclesiástica ;
_v3
_9219727
852 _aES-MaACL
_jC-26075
_bR.54789
999 _c133371
_d133371